Les villes organisatrices de la Coupe du Monde - Statistiques

Statistiques générales
  • Ce quiz a été pris 69 fois
  • Le résultat moyen est 63 sur 195
Statistiques - réponses
Organisateur(s) Édition Réponse % Correct
France 1938 Paris
97%
France 1998 Paris
97%
France 1938 Marseille
93%
France 1998 Marseille
93%
Italie 1934 Naples
91%
Italie 1990 Naples
91%
Italie 1934 Rome
90%
Italie 1990 Rome
90%
Italie 1934 Milan
88%
Italie 1990 Milan
88%
Italie 1990 Milan
88%
Italie 1934 Turin
86%
Italie 1990 Turin
86%
France 1938 Lille
84%
France 1938 Bordeaux
79%
France 1998 Bordeaux
79%
France 1998 Lyon
78%
France 1938 Strasbourg
78%
Uruguay 1930 Montevideo
76%
RFA 1974 Berlin
72%
Allemagne 2006 Berlin
72%
Espagne 1982 Madrid
71%
Brésil 1950 Rio de Janeiro
71%
Brésil 2014 Rio de Janeiro
71%
Espagne 1982 Barcelone
69%
RFA 1974 Munich
67%
Allemagne 2006 Munich
67%
France 1998 Nantes
67%
France 1998 St-Etienne
67%
France 1938 Toulouse
67%
France 1998 Toulouse
67%
Mexique 1970 Mexico
66%
Mexique 1986 Mexico
66%
Brésil 2014 Brasilia
64%
France 1998 Lens
64%
Angleterre 1966 Londres
64%
Argentine 1978 Buenos Aires
62%
Angleterre 1966 Manchester
60%
Russie 2018 Moscou
60%
Espagne 1982 Seville
60%
Suisse 1954 Berne
59%
Brésil 1950 São Paulo
59%
Brésil 2014 São Paulo
59%
Italie 1934 Florence
57%
Corée du Sud 2002 Séoul
57%
Angleterre 1966 Liverpool
55%
USA 1994 Los Angeles
55%
Chili 1962 Santiago
55%
USA 1994 New York
53%
Suède 1958 Stockholm
53%
Espagne 1982 Valence
53%
Russie 2018 St-Pétersbourg
52%
Suisse 1954 Zurich
52%
Qatar 2022 Doha
50%
Afrique du Sud 2010 Le Cap
50%
France 1998 Montpellier
50%
Italie 1990 Palerme
50%
RFA 1974 Dortmund
48%
Allemagne 2006 Dortmund
48%
Italie 1934 Gênes
48%
Italie 1990 Gênes
48%
France 1998 St-Denis
48%
Espagne 1982 Bilbao
47%
Suisse 1954 Genève
47%
Italie 1934 Bologne
45%
Italie 1990 Bologne
45%
RFA 1974 Hambourg
45%
Allemagne 2006 Hambourg
45%
Afrique du Sud 2010 Johannesbourg
45%
RFA 1974 Francfort
41%
Allemagne 2006 Francfort
41%
France 1938 Reims
41%
Angleterre 1966 Birmingham
40%
USA 1994 Chicago
40%
Suède 1958 Malmö
40%
Afrique du Sud 2010 Pretoria
40%
USA 1994 Washington
40%
USA 1994 Boston
38%
Suisse 1954 Bâle
34%
USA 1994 San Francisco
34%
Brésil 1950 Belo Horizonte
33%
Brésil 2014 Belo Horizonte
33%
USA 1994 Dallas
33%
Mexique 1970 Guadalajara
33%
Mexique 1986 Guadalajara
33%
Suisse 1954 Lausanne
33%
Allemagne 2006 Leipzig
33%
Japon 2002 Osaka
33%
RFA 1974 Stuttgart
31%
Allemagne 2006 Stuttgart
31%
Italie 1990 Bari
29%
France 1938 Le Havre
29%
Brésil 2014 Manaus
29%
RFA 1974 Düsseldorf
28%
Suède 1958 Göteborg
28%
Allemagne 2006 Cologne
26%
Espagne 1982 Malaga
26%
Brésil 1950 Recife
26%
Brésil 2014 Recife
26%
France 1938 Colombes
24%
Italie 1990 Cagliari
22%
Espagne 1982 Saragosse
21%
RFA 1974 Hannovre
19%
Allemagne 2006 Hanovre
19%
Argentine 1978 Rosario
19%
Russie 2018 Sotchi
19%
Italie 1990 Vérone
19%
Japon 2002 Yokohama
19%
USA 1994 Détroit
17%
Afrique du Sud 2010 Durban
17%
Espagne 1982 La Corogne
17%
Russie 2018 Nijni Novgorod
17%
Brésil 2014 Salvador
17%
Corée du Sud 2002 Busan
16%
Allemagne 2006 Gelsenkirchen
16%
Russie 2018 Kazan
16%
Mexique 1986 Monterey
16%
Brésil 1950 Porto Alegre
16%
Brésil 2014 Porto Alegre
16%
Russie 2018 Rostov
16%
Italie 1990 Udine
16%
Espagne 1982 Vigo
16%
Japon 2002 Kobe
14%
Afrique du Sud 2010 Bloemfontein
12%
Brésil 2014 Fortaleza
12%
USA 1994 Orlando
12%
Japon 2002 Sapporo
12%
Angleterre 1966 Sheffield
12%
Italie 1934 Trieste
12%
Russie 2018 Volgograd
12%
Espagne 1982 Alicante
10%
Argentine 1978 Cordoba
10%
Qatar 2022 Lusail
10%
Brésil 2014 Natal
10%
Allemagne 2006 Nuremberg
10%
Mexique 1970 Leòn
9%
Mexique 1986 Leon
9%
Argentine 1978 Mendoza
9%
Russie 2018 Samara
9%
Brésil 1950 Curitiba
7%
Brésil 2014 Curitiba
7%
Corée du Sud 2002 Daegu
7%
Russie 2018 Kaliningrad
7%
Suède 1958 Norrköpping
7%
Mexique 1970 Puebla
7%
Mexique 1986 Puebla
7%
Angleterre 1966 Sunderland
7%
Mexique 1970 Toluca
7%
Mexique 1986 Toluca
7%
France 1938 Antibes
5%
Espagne 1982 Gijon
5%
Corée du Sud 2002 Incheon
5%
Corée du Sud 2002 Jeonju
5%
Espagne 1982 Oviedo
5%
Corée du Sud 2002 Suwon
5%
Suède 1958 Bōras
3%
Corée du Sud 2002 Gwangju
3%
Japon 2002 Miyagi
3%
Afrique du Sud 2010 Port Elizabeth
3%
Japon 2002 Saitama
3%
Suède 1958 Västeras
3%
Qatar 2022 Al-Khor
2%
Qatar 2022 Al-Wakrah
2%
Chili 1962 Arica
2%
Brésil 2014 Cuiaba
2%
Espagne 1982 Elche
2%
Suède 1958 Eskilstuna
2%
Suède 1958 Halmstad
2%
Japon 2002 Ibaraki
2%
Allemagne 2006 Kaiserlautern
2%
Argentine 1978 Mar del Plata
2%
Afrique du Sud 2010 Nelspruit
2%
Japon 2002 Niigata
2%
Japon 2002 Oita
2%
Suède 1958 Örebro
2%
Afrique du Sud 2010 Rustenburg
2%
Suède 1958 Sandviken
2%
Japon 2002 Shizuoka
2%
Corée du Sud 2002 Ulsan
2%
Qatar 2022 Al-Rayan
0%
Corée du Sud 2002 Daejeon
0%
RFA 1974 Gelsenkierchen
0%
Suède 1958 Helsinbord
0%
Russie 2018 Iekarintburg
0%
Mexique 1986 Irapuato
0%
Angleterre 1966 Midelesbrough
0%
Mexique 1986 Nezahualcoyotl
0%
Afrique du Sud 2010 Polokwane
0%
Chili 1962 Rancagua
0%
Mexique 1986 Santiago de Queretaro
0%
Russie 2018 Saransk
0%
Corée du Sud 2002 Seogwipo
0%
Suède 1958 Udevalla
0%
Espagne 1982 Valadolid
0%
Chili 1962 Viña del Mar
0%
Aucun quiz correspondant
Distribution des résultats
% des personnes avec chaque résultat
Percentile par nombre de réponses
Votre historique - résultats
Vous n’avez pas pris ce quiz